000 00349nam a2200145Ia 4500
008 230312s9999||||xx |||||||||||||| ||und||
020 _a0-619-21711-1
082 _a005.133
_bZAK-I
100 _aDale;Nell
245 0 _aComputer Science Illuminated
260 _bThomson
_aUSA
_c2014
300 _a605
650 _aComputer
_vComputer
942 _cBK
999 _c15139
_d15139